ARRUPE JESUIT UNIVERSITY

CORONAVIRUS -STOP THE SPREAD - CLEAN,DISINFECT,COVER

Mathematics today twelve informal essays (Record no. 131283)

MARC details
000 -LEADER
fixed length control field 00475nam a22001457a 4500
008 - FIXED-LENGTH DATA ELEMENTS--GENERAL INFORMATION
fixed length control field 220407b |||||||| |||| 00| 0 eng d
020 ## - INTERNATIONAL STANDARD BOOK NUMBER
International Standard Book Number 0394745035.
050 ## - LIBRARY OF CONGRESS CALL NUMBER
Classification number QA7.M3447 1980
100 ## - MAIN ENTRY--PERSONAL NAME
Personal name ((ed) by Steen,Lynn Arthur
9 (RLIN) 51284
245 ## - TITLE STATEMENT
Title Mathematics today twelve informal essays
Statement of responsibility, etc Lynn Arthur Steen
260 ## - PUBLICATION, DISTRIBUTION, ETC. (IMPRINT)
Place of publication, distribution, etc New York:
Name of publisher, distributor, etc Vintage Books,
Date of publication, distribution, etc 1978.
300 ## - PHYSICAL DESCRIPTION
Extent viii,
Other physical details 367p.;
Dimensions 20cm.
650 ## - SUBJECT ADDED ENTRY--TOPICAL TERM
Topical term or geographic name as entry element Mathematics
General subdivision Adresses,essays,lecturers.
9 (RLIN) 51285
942 ## - ADDED ENTRY ELEMENTS (KOHA)
Source of classification or shelving scheme Library of Congress Classification
Item type Monograph ( Printed materials)
Holdings
Withdrawn status Lost status Source of classification or shelving scheme Damaged status Not for loan Collection code Home library Current library Shelving location Date acquired Total Checkouts Full call number Barcode Date last seen Price effective from Koha item type
    Library of Congress Classification     Main Collection ARRUPE LIBRARY ARRUPE LIBRARY Main Collection 07/04/2022   QA7.M3447 1980 46600009215 07/04/2022 07/04/2022 Monograph ( Printed materials)

 

Arrupe Library. PO Box MP320 Mt Pleasant, Harare, Zimbabwe
263 242 745411|librarian@aju.ac.zw